| 000 | 01449cam a22004097a 4500 | ||
|---|---|---|---|
| 001 | 000085570 | ||
| 003 | CHAP | ||
| 005 | 20250808123711.0 | ||
| 008 | 000818d2000 mx a r 00110 spa d | ||
| 010 | _a82044 | ||
| 011 | _a83016 | ||
| 035 | _a93524 | ||
| 040 | _cCHAP | ||
| 090 | _aTesis | ||
| 100 | 1 | 0 |
_aCázares Sánchez, Esmeralda _924150 |
| 245 | 1 | 0 |
_aTratamiento de contenido ruminal de bovinos mediante un biodigestador anaeróbico horizontal / _c/por Esmeralda Cázares Sánchez y Ciprián Antonio García Cabrera. |
| 260 |
_aChapingo, Méx. : _bEl autor, _c2000. |
||
| 300 |
_a75 h. : _bilus. |
||
| 502 | _aTesis(Ing. Agroindustrial) -- UACH. Departamento de Ingeniería Agroindustrial | ||
| 590 |
_aALEPH _b10 _c20130110 _lUCH01 _h1437 |
||
| 590 |
_aBATCH-UPD _b10 _c20130110 _lUCH01 _h0717 |
||
| 590 |
_aBATCH-UPD _b10 _c20130110 _lUCH01 _h2343 |
||
| 590 |
_aBATCH-UPD _b10 _c20130410 _lUCH01 _h0402 |
||
| 590 |
_aBATCH-UPD _b10 _c20130914 _lUCH01 _h1203 |
||
| 590 |
_aCONVERSION _b10 _c20130109 _lUCH01 _h1346 |
||
| 590 |
_aE11695DGD _b10 _c20170404 _lUCH01 _h1221 |
||
| 650 | 1 | 4 |
_aDigestión ruminal. _932568 |
| 650 | 1 | 4 |
_aDigestores. _932569 |
| 650 | 1 | 4 |
_aGanado vacuno. _945425 |
| 700 | 1 |
_aGarcía Cabrera, Ciprián Antonio _945793 |
|
| 901 | _aBK | ||
| 905 | _aLilia Sánchez G. | ||
| 942 | _cFOLL | ||
| 942 | _n0 | ||
| 949 |
_bBC _cTES _d33724000788097 _eTS2 _fc.2 _h36831 _i93524 _si |
||
| 949 |
_bBC _cTES _d93524 _eTS1 _h36830 _i93524 _sb |
||
| 999 |
_c82044 _d82044 |
||